000
00261nam a2200097Ia 4500
082
_a
EF YELD
245
0
_a
A bitter harvest
100
_a
YELDHAM, Peter Camberwell, Vic, 2009 Rev. ed
_9
70313
942
_c
BK
008
210817s9999 xx 000 0 und d
999
_c
227785
_d
227784